000 00389nam a2200133Ia 4500
008 220217s9999||||xx |||||||||||||| ||und||
020 _a0-07-048698-0
082 _a005.13 HEA
100 _aHearn, Steve, O
_93258
245 0 _aOracle: OCP developer PL/SQL program units exam guide
260 _aTata mcgraw hill
_bNew Delhi
_c2002
300 _b395
650 _aPROGRAMMING LANGUAGE
999 _c171267
_d171267